[Event "Mittelrhein Verbandsliga Sued 1920"]
[Site "Mittelrhein"]
[Date "2019.09.29"]
[Round "1.1"]
[White "Fuss, Jean Pierre"]
[Black "Lamprecht, Mark"]
[Result "1/2-1/2"]
[WhiteElo "1994"]
[BlackElo "2196"]
[PlyCount "131"]
[EventDate "2019.09.29"]
[EventType "team-tourn"]
[EventRounds "9"]
[EventCountry "GER"]
[SourceTitle "EXT 2023"]
[Source "ChessBase"]
[SourceDate "2022.10.05"]
[SourceVersion "1"]
[SourceVersionDate "2022.10.05"]
[SourceQuality "1"]
[WhiteTeam "Sankt Augustin Turm"]
[BlackTeam "Lohmar"]
[WhiteTeamCountry "GER"]
[BlackTeamCountry "GER"]

1. Nf3 d5 2. c4 e6 3. g3 c6 4. Bg2 f5 5. b3 Nf6 6. 0-0 Be7 7. e3 0-0 8. Nc3 Qe8 9. Ne2 h6 10. Bb2 a5 11. a4 Na6 12. Ne5 Nd7 13. Nf4 Nxe5 14. Bxe5 Bf6 15. Bxf6 Rxf6 16. Rc1 e5 17. Ne2 dxc4 18. bxc4 Nb4 19. d4 e4 20. Qb3 Be6 21. f3 exf3 22. Bxf3 Rd8 23. Rfd1 Bf7 24. Rd2 b5 25. axb5 cxb5 26. Kf2 bxc4 27. Rxc4 Bxc4 28. Qxc4+ Kh8 29. Qc5 Rc8 30. Qxa5 Nc2 31. Qe5 Re6 32. Qxf5 Nxe3 33. Qd3 Nc4 34. Rc2 Re3 35. Qf5 Nd6 36. Rxc8 Nxf5 37. Rxe8+ Rxe8 38. g4 Nd6 39. h4 g6 40. Nf4 Kg7 41. Be2 Ne4+ 42. Kg2 g5 43. Nh5+ Kf8 44. hxg5 hxg5 45. Bd3 Nc3 46. Nf6 Re3 47. Bf5 Kg7 48. Nh5+ Kf7 49. Ng3 Kf6 50. Kf2 Re8 51. Nh5+ Kf7 52. Kf3 Ne2 53. Bd3 Nxd4+ 54. Kf2 Re5 55. Ng3 Ke6 56. Ne4 Kd5 57. Nf6+ Kc6 58. Ne4 Ne6 59. Nd2 Nf4 60. Be4+ Kc5 61. Ke3 Nd5+ 62. Kd3 Nf6 63. Bf5 Nd5 64. Ne4+ Kc6 65. Kd4 Re7 66. Nxg5 1/2-1/2

[Event "Mittelrhein Verbandsliga-O 15/16"]
[Site "Nordrheinwestfalen"]
[Date "2015.12.13"]
[Round "5"]
[White "Lamprecht, Mark"]
[Black "Wilke, Christopher"]
[Result "1-0"]
[WhiteElo "2129"]
[BlackElo "1968"]
[PlyCount "65"]
[EventDate "2015.09.06"]
[EventType "team-tourn"]
[EventRounds "11"]
[EventCountry "GER"]
[SourceTitle "EXT 2022"]
[Source "ChessBase"]
[SourceDate "2021.10.06"]
[SourceVersion "1"]
[SourceVersionDate "2021.10.06"]
[SourceQuality "1"]
[WhiteTeam "Lohmar"]
[BlackTeam "Niederkassel II"]
[WhiteTeamCountry "GER"]
[BlackTeamCountry "GER"]

1. c4 c6 2. Nc3 d5 3. e3 e6 4. Nf3 Nf6 5. d4 Bd6 6. Be2 0-0 7. 0-0 Nbd7 8. cxd5 exd5 9. Qc2 Re8 10. Bd3 h6 11. h3 Nb6 12. b3 Be6 13. Ne5 a6 14. f4 Qc7 15. Qf2 Bb4 16. Bd2 Bxc3 17. Bxc3 Ne4 18. Bxe4 dxe4 19. Ba5 c5 20. Rac1 f6 21. Nc4 Bxc4 22. Rxc4 Qc6 23. Rxc5 Qe6 24. f5 Qd6 25. Bxb6 Qxb6 26. Rfc1 Qd6 27. Rc7 Rab8 28. Qh4 Re7 29. Rxe7 Qxe7 30. Qf4 Rd8 31. Rc7 Rd7 32. Rxd7 Qxd7 33. Qxe4 1-0

[Event "Mittelrhein Verbandsliga Ost 1415"]
[Site "Mittelrhein"]
[Date "2015.02.22"]
[Round "8.1"]
[White "Di Franco, Patricio"]
[Black "Lamprecht, Mark"]
[Result "1/2-1/2"]
[WhiteElo "2062"]
[BlackElo "2066"]
[PlyCount "33"]
[EventDate "2014.09.07"]
[EventType "team-tourn"]
[EventRounds "11"]
[EventCountry "GER"]
[SourceTitle "EXT 2023"]
[Source "ChessBase"]
[SourceDate "2022.10.05"]
[SourceVersion "1"]
[SourceVersionDate "2022.10.05"]
[SourceQuality "1"]
[WhiteTeam "Koeln Lasker II"]
[BlackTeam "Lohmar"]
[WhiteTeamCountry "GER"]
[BlackTeamCountry "GER"]

1. d4 f5 2. g3 Nf6 3. Bg2 c6 4. Nd2 d5 5. c4 e6 6. Qc2 Be7 7. Nh3 0-0 8. Nf3 Qe8 9. Nf4 Ne4 10. 0-0 g5 11. Nd3 Qh5 12. b4 Nd7 13. b5 dxc4 14. Qxc4 Nb6 15. Qb3 cxb5 16. Qxb5 Nd5 17. Qb3 1/2-1/2

[Event "Troisdorf op"]
[Site "Troisdorf"]
[Date "2014.12.02"]
[Round "7"]
[White "Kinnert, Dieter"]
[Black "Lamprecht, Mark"]
[Result "0-1"]
[WhiteElo "1751"]
[BlackElo "2190"]
[PlyCount "94"]
[EventDate "2014.10.21"]
[EventType "swiss"]
[EventRounds "7"]
[EventCountry "GER"]
[SourceTitle "EXT 2016"]
[Source "ChessBase"]
[SourceDate "2015.10.08"]
[SourceVersion "1"]
[SourceVersionDate "2015.10.08"]
[SourceQuality "1"]

1. b4 e5 2. Bb2 Bxb4 3. Bxe5 Nf6 4. Nf3 0-0 5. e3 d5 6. Be2 c6 7. 0-0 Nbd7 8. Bb2 Bd6 9. d4 Qe7 10. a4 Ne4 11. Ba3 f5 12. Bxd6 Nxd6 13. g3 Nf6 14. Ne5 Be6 15. Nd2 Nfe4 16. f4 Qc7 17. c4 Nxd2 18. Qxd2 dxc4 19. Rac1 Ne4 20. Qb4 a5 21. Qb1 Nd2 22. Qb2 Nxf1 23. Bxf1 Qe7 24. Bxc4 Bxc4 25. Rxc4 Kh8 26. h4 Qe8 27. Qxb7 Rb8 28. Qxc6 Rb1+ 29. Kf2 Rb2+ 30. Kf1 Qb8 31. Rc2 Rxc2 32. Qxc2 Rc8 33. Nf7+ Kg8 34. Qa2 Kf8 35. Ne5 Qb7 36. d5 Rc1+ 37. Kg2 Qb4 38. Qe2 Qe4+ 39. Qf3 Qxa4 40. d6 Qe4 41. g4 Rc2+ 42. Kg3 Qxf3+ 43. Kxf3 a4 44. Nd3 a3 45. Nb4 Rd2 46. gxf5 Rxd6 47. Nc2 a2 0-1

[Event "Troisdorf op"]
[Site "Troisdorf"]
[Date "2014.11.18"]
[Round "5"]
[White "Lamprecht, Mark"]
[Black "Bussard, Christian"]
[Result "1/2-1/2"]
[WhiteElo "2190"]
[BlackElo "2137"]
[PlyCount "37"]
[EventDate "2014.10.21"]
[EventType "swiss"]
[EventRounds "7"]
[EventCountry "GER"]
[SourceTitle "EXT 2016"]
[Source "ChessBase"]
[SourceDate "2015.10.08"]
[SourceVersion "1"]
[SourceVersionDate "2015.10.08"]
[SourceQuality "1"]

1. c4 e5 2. Nc3 Nf6 3. g3 Bb4 4. Qc2 0-0 5. Bg2 Nc6 6. e3 d6 7. Nge2 Be6 8. Nd5 Bc5 9. a3 Bxd5 10. cxd5 Ne7 11. Nc3 a6 12. 0-0 c6 13. b4 Ba7 14. Qb3 Qd7 15. Bb2 cxd5 16. Nxd5 Nexd5 17. Bxd5 Nxd5 18. Qxd5 Qc6 19. Qb3 1/2-1/2

[Event "Mittelrhein Verbandsliga Ost 1415"]
[Site "Mittelrhein"]
[Date "2014.09.07"]
[Round "1.1"]
[White "Thalwitzer, David"]
[Black "Lamprecht, Mark"]
[Result "1/2-1/2"]
[WhiteElo "2082"]
[BlackElo "2066"]
[PlyCount "165"]
[EventDate "2014.09.07"]
[EventType "team-tourn"]
[EventRounds "11"]
[EventCountry "GER"]
[SourceTitle "EXT 2023"]
[Source "ChessBase"]
[SourceDate "2022.10.05"]
[SourceVersion "1"]
[SourceVersionDate "2022.10.05"]
[SourceQuality "1"]
[WhiteTeam "Koeln Porz III"]
[BlackTeam "Lohmar"]
[WhiteTeamCountry "GER"]
[BlackTeamCountry "GER"]

1. e4 c6 2. d4 d5 3. exd5 cxd5 4. c4 Nf6 5. Nc3 Nc6 6. Bf4 e6 7. c5 Ne4 8. Bb5 Nxc3 9. bxc3 Qa5 10. Qb3 Bd7 11. Nf3 Be7 12. 0-0 0-0 13. Rfe1 Rac8 14. Rab1 Bf6 15. Qc2 b6 16. Bxc6 Bxc6 17. cxb6 axb6 18. Re3 Ra8 19. Rb2 b5 20. Ne5 Bxe5 21. Bxe5 Qa4 22. Qd2 Bd7 23. Rh3 f6 24. Bd6 Rf7 25. Rg3 Qa6 26. Bc5 Qc6 27. Bb4 Qc4 28. a3 Qc7 29. Qd3 Qf4 30. Rd2 Re8 31. Re3 Bc6 32. Rde2 Qg5 33. Qc2 e5 34. Rg3 Qf4 35. Rf3 Qg4 36. Rg3 Qe6 37. dxe5 fxe5 38. Rh3 h6 39. Rg3 Qf6 40. h3 Qf5 41. Qd2 Re6 42. Rf3 Qg6 43. Rxf7 Qxf7 44. Re3 Qh5 45. Rg3 Rg6 46. Qd3 Rf6 47. Be7 Re6 48. Bc5 Qf7 49. Qe3 Qf4 50. Qe2 Qc4 51. Qe3 Qf4 52. Qd3 Rf6 53. Rg4 Qf5 54. Qg3 g6 55. Be3 Kh7 56. Kh2 g5 57. Rb4 Bd7 58. f3 Rg6 59. Qf2 h5 60. Qd2 Bc6 61. Qd1 Qf6 62. Qd3 e4 63. fxe4 Qd6+ 64. Kg1 dxe4 65. Qxd6 Rxd6 66. Bxg5 Kg6 67. Bf4 Rd1+ 68. Kf2 Kf5 69. g3 h4 70. c4 hxg3+ 71. Bxg3 bxc4 72. Rxc4 Bd5 73. Rc3 Rd2+ 74. Ke3 Rd1 75. Bc7 Ke6 76. Ke2 Rd3 77. Rxd3 exd3+ 78. Kxd3 Kd7 79. Be5 Kc6 80. a4 Kb7 81. Kd4 Bg8 82. h4 Bh7 83. h5 1/2-1/2

[Event "Mittelrhein Verbandsliga-O 1112"]
[Site "Germany"]
[Date "2011.10.09"]
[Round "2"]
[White "Eising, Johannes"]
[Black "Lamprecht, Mark"]
[Result "1/2-1/2"]
[WhiteElo "2115"]
[BlackElo "2074"]
[PlyCount "27"]
[EventDate "2011.09.18"]
[EventType "team-tourn"]
[EventRounds "11"]
[EventCountry "GER"]
[SourceTitle "EXT 2013"]
[Source "ChessBase"]
[SourceDate "2012.11.22"]
[SourceVersion "1"]
[SourceVersionDate "2012.11.22"]
[SourceQuality "1"]
[WhiteTeam "Koeln Porz III"]
[BlackTeam "Lohmar"]
[WhiteTeamCountry "GER"]
[BlackTeamCountry "GER"]

1. c4 f5 2. Nc3 Nf6 3. g3 c6 4. Bg2 d6 5. d3 e5 6. e4 Be7 7. Nge2 0-0 8. h3 Na6 9. Be3 Qe8 10. Qd2 Qg6 11. exf5 Bxf5 12. d4 Nb4 13. 0-0 Nc2 14. Rad1 1/2-1/2

[Event "Bad Godesberg op 15th"]
[Site "Bad Godesberg"]
[Date "2011.07.25"]
[Round "3"]
[White "Lamprecht, Mark"]
[Black "Wecker, Martin"]
[Result "0-1"]
[WhiteElo "2070"]
[BlackElo "2015"]
[PlyCount "100"]
[EventDate "2011.07.23"]
[EventType "swiss"]
[EventRounds "9"]
[EventCountry "GER"]
[SourceTitle "EXT 2017"]
[Source "ChessBase"]
[SourceDate "2016.10.25"]
[SourceVersion "1"]
[SourceVersionDate "2016.10.25"]
[SourceQuality "1"]

1. c4 Nf6 2. g3 c6 3. Nf3 d5 4. Bg2 Bf5 5. b3 e6 6. 0-0 Bd6 7. Bb2 Nbd7 8. d3 0-0 9. Nbd2 Qe7 10. Re1 e5 11. e4 dxe4 12. Nxe4 Bxe4 13. dxe4 Ba3 14. Qc1 Bxb2 15. Qxb2 Rad8 16. Rad1 Ng4 17. h3 Nh6 18. b4 f6 19. Qc3 c5 20. a3 Nb6 21. a4 Nf7 22. a5 Nc8 23. b5 b6 24. a6 Rxd1 25. Rxd1 Rd8 26. Rd5 Qc7 27. Nh4 Ne7 28. Rd3 Rxd3 29. Qxd3 Qd6 30. Qe2 g6 31. Bf1 Kg7 32. Ng2 Qd4 33. Qg4 Ng5 34. h4 h5 35. Qe2 Nh3+ 36. Kh2 Nxf2 37. Ne3 Nxe4 38. Bg2 Qd2 39. Qf3 f5 40. Nf1 Qd4 41. Ne3 Nd6 42. Qe2 e4 43. Bf1 Ng8 44. Nc2 Qe5 45. Qd2 Nf6 46. Be2 Nf7 47. Ne3 Qd4 48. Qxd4 cxd4 49. c5 Nd7 50. cxb6 Nxb6 0-1

[Event "Bad Godesberg op 15th"]
[Site "Bad Godesberg"]
[Date "2011.07.24"]
[Round "2"]
[White "Ispirjan, Mikael"]
[Black "Lamprecht, Mark"]
[Result "0-1"]
[WhiteElo "1760"]
[BlackElo "2070"]
[PlyCount "52"]
[EventDate "2011.07.23"]
[EventType "swiss"]
[EventRounds "9"]
[EventCountry "GER"]
[SourceTitle "EXT 2017"]
[Source "ChessBase"]
[SourceDate "2016.10.25"]
[SourceVersion "1"]
[SourceVersionDate "2016.10.25"]
[SourceQuality "1"]

1. e4 c6 2. d4 d5 3. exd5 cxd5 4. c4 Nf6 5. Nc3 Nc6 6. Nf3 Bg4 7. Qb3 Na5 8. Qa4+ Bd7 9. Qd1 dxc4 10. Ne5 e6 11. Nxc4 Nxc4 12. Bxc4 Bd6 13. d5 exd5 14. Nxd5 Nxd5 15. Bxd5 Qa5+ 16. Kf1 0-0 17. Bf3 Rad8 18. Be2 Bc6 19. Be3 Bf4 20. Qb3 Qg5 21. Rg1 Rfe8 22. Bxf4 Qxf4 23. Rd1 Rd2 24. Rxd2 Qxd2 25. Qd1 Qxd1+ 26. Bxd1 Bb5+ 0-1

[Event "Troisdorf op "]
[Site "Troisdorf"]
[Date "2010.11.16"]
[Round "4"]
[White "Lamprecht, Mark"]
[Black "Ziabari, Morteza"]
[Result "1/2-1/2"]
[WhiteElo "2127"]
[BlackElo "1812"]
[PlyCount "74"]
[EventDate "2010.10.26"]
[EventType "swiss"]
[EventRounds "7"]
[EventCountry "GER"]
[SourceTitle "EXT 2013"]
[Source "ChessBase"]
[SourceDate "2012.11.22"]
[SourceVersion "1"]
[SourceVersionDate "2012.11.22"]
[SourceQuality "1"]

1. c4 Nf6 2. g3 c6 3. Bg2 d5 4. Nf3 Bf5 5. b3 e6 6. 0-0 Bd6 7. Bb2 Nbd7 8. d4 h6 9. Nc3 Rc8 10. Nd2 0-0 11. e4 dxe4 12. Ndxe4 Nxe4 13. Nxe4 Bb8 14. Qd2 Nf6 15. Nxf6+ Qxf6 16. d5 Qg6 17. dxc6 bxc6 18. Rad1 e5 19. Rfe1 Rfe8 20. Qa5 e4 21. Re3 Bg4 22. Rde1 f5 23. c5 Bf4 24. h3 Bxe3 25. hxg4 Bg5 26. gxf5 Qxf5 27. Qxa7 Bf6 28. Bxf6 Qxf6 29. Rxe4 Qa1+ 30. Kh2 Rxe4 31. Bxe4 Qf1 32. Qd7 Qxf2+ 33. Bg2 Rf8 34. Qxc6 Rf5 35. Qe8+ Kh7 36. Kh3 g6 37. Qe7+ Kh8 1/2-1/2

[Event "Troisdorf op "]
[Site "Troisdorf"]
[Date "2010.10.26"]
[Round "1"]
[White "Campos, Alberto"]
[Black "Lamprecht, Mark"]
[Result "0-1"]
[WhiteElo "1651"]
[BlackElo "2127"]
[PlyCount "66"]
[EventDate "2010.10.26"]
[EventType "swiss"]
[EventRounds "7"]
[EventCountry "GER"]
[SourceTitle "EXT 2013"]
[Source "ChessBase"]
[SourceDate "2012.11.22"]
[SourceVersion "1"]
[SourceVersionDate "2012.11.22"]
[SourceQuality "1"]

1. c4 f5 2. Nc3 Nf6 3. g3 g6 4. Bg2 Bg7 5. d4 0-0 6. Nf3 c6 7. 0-0 d6 8. b3 Qc7 9. Bb2 e5 10. e3 a5 11. Qc2 Na6 12. a3 Kh8 13. Rac1 e4 14. Nd2 Be6 15. f3 exf3 16. Nxf3 Rae8 17. Rce1 Bc8 18. Nh4 Re7 19. Re2 Rfe8 20. Rfe1 Qd8 21. e4 Ng4 22. Nd1 Qb6 23. exf5 Bxd4+ 24. Bxd4+ Qxd4+ 25. Kh1 Rxe2 26. Rxe2 Rxe2 27. Qxe2 Qxd1+ 28. Qxd1 Nf2+ 29. Kg1 Nxd1 30. fxg6 hxg6 31. Nxg6+ Kg7 32. Nf4 Ne3 33. Be4 Nc5 0-1

[Event "Solingen-ch"]
[Site "Solingen"]
[Date "2009.09.15"]
[Round "1"]
[White "Bashylin, Seva"]
[Black "Lamprecht, Mark"]
[Result "0-1"]
[WhiteElo "1712"]
[BlackElo "2220"]
[PlyCount "58"]
[EventDate "2009.09.15"]
[EventType "swiss"]
[EventRounds "7"]
[EventCountry "GER"]
[SourceTitle "EXT 2011"]
[Source "ChessBase"]
[SourceDate "2010.11.26"]
[SourceVersion "1"]
[SourceVersionDate "2010.11.26"]
[SourceQuality "1"]

1. d4 f5 2. Bg5 g6 3. e3 Bg7 4. Bd3 d5 5. Ne2 Be6 6. 0-0 c6 7. c3 Nd7 8. Nd2 Ngf6 9. Ng3 0-0 10. h4 Ne4 11. Ngxe4 fxe4 12. Be2 h6 13. Bf4 Kh7 14. c4 Bg8 15. cxd5 Bxd5 16. Qc2 e5 17. dxe5 Qxh4 18. Bg3 Qe7 19. Nxe4 Nxe5 20. Nc3 Be6 21. Rae1 Qc5 22. a3 a5 23. b4 axb4 24. axb4 Qxb4 25. Rb1 Qe7 26. Bxe5 Bxe5 27. f4 Bg7 28. Bd3 Bf5 29. e4 Bd4+ 0-1

[Event "Troisdorf op"]
[Site "Troisdorf"]
[Date "2007.11.13"]
[Round "5"]
[White "Kessler, Ulrich"]
[Black "Lamprecht, Mark"]
[Result "0-1"]
[WhiteElo "1899"]
[BlackElo "2223"]
[PlyCount "110"]
[EventDate "2007.10.16"]
[EventType "swiss"]
[EventRounds "5"]
[EventCountry "GER"]
[SourceTitle "EXT 2011"]
[Source "ChessBase"]
[SourceDate "2010.11.26"]
[SourceVersion "1"]
[SourceVersionDate "2010.11.26"]
[SourceQuality "1"]

1. e4 c6 2. d4 d5 3. Nc3 dxe4 4. Nxe4 Nf6 5. Nxf6+ gxf6 6. c3 Bf5 7. Ne2 e6 8. Ng3 Bg6 9. Bd3 Qc7 10. Ne4 Nd7 11. Qf3 Bxe4 12. Bxe4 0-0-0 13. Bf4 Bd6 14. Bg3 h5 15. 0-0-0 h4 16. Bxd6 Qxd6 17. Qe3 f5 18. Bf3 Nf6 19. c4 Qb4 20. b3 Qa5 21. Kb2 Rhg8 22. g3 Ng4 23. Qe2 Qb6 24. h3 Nf6 25. Qe5 Nd7 26. Qf4 hxg3 27. fxg3 Nf6 28. g4 Qc7 29. Qxc7+ Kxc7 30. gxf5 Rg3 31. Rd3 e5 32. Be2 Rg2 33. Re1 exd4 34. Ka3 Re8 35. Bf3 Rxe1 36. Bxg2 c5 37. Bf3 b6 38. Kb2 Nd7 39. Bg4 f6 40. Kc2 Ne5 41. Rd1 Re3 42. Rg1 a5 43. h4 Re4 44. Bh5 Rxh4 45. Rg7+ Kd6 46. Be8 Rh2+ 47. Kd1 Nf3 48. Rb7 Ke5 49. Bc6 Kf4 50. Bxf3 Kxf3 51. Rxb6 Ke3 52. Rxf6 d3 53. Re6+ Kd4 54. f6 Kc3 55. Ke1 d2+ 0-1

[Event "Troisdorf op"]
[Site "Troisdorf"]
[Date "2007.11.06"]
[Round "3"]
[White "Rosenberger, Friedrich"]
[Black "Lamprecht, Mark"]
[Result "1-0"]
[WhiteElo "1950"]
[BlackElo "2223"]
[PlyCount "79"]
[EventDate "2007.10.16"]
[EventType "swiss"]
[EventRounds "5"]
[EventCountry "GER"]
[SourceTitle "EXT 2011"]
[Source "ChessBase"]
[SourceDate "2010.11.26"]
[SourceVersion "1"]
[SourceVersionDate "2010.11.26"]
[SourceQuality "1"]

1. e4 c6 2. d4 d5 3. Nc3 dxe4 4. Nxe4 Nf6 5. Nxf6+ gxf6 6. Nf3 Bf5 7. h3 e6 8. Bd3 Bg6 9. Bxg6 hxg6 10. Bd2 Nd7 11. Bc3 Nb6 12. Qd3 Qd5 13. b3 g5 14. Bd2 g4 15. c4 Qd7 16. Ng1 0-0-0 17. Ne2 c5 18. Bc3 Be7 19. 0-0-0 Qc6 20. Qe3 cxd4 21. Nxd4 Qc5 22. hxg4 Rxh1 23. Rxh1 Nd7 24. Nc2 Qxe3+ 25. Nxe3 Nc5 26. Kc2 Nd3 27. Nd5 exd5 28. Kxd3 dxc4+ 29. Kxc4 Rg8 30. f3 f5 31. Rh7 fxg4 32. Rxf7 gxf3 33. gxf3 Kd8 34. Rg7 Re8 35. Kd5 Kc8 36. Be5 b5 37. f4 a5 38. Kc6 b4 39. f5 Bd8 40. Ra7 1-0

[Event "Troisdorf op"]
[Site "Troisdorf"]
[Date "2007.10.16"]
[Round "1"]
[White "Humeniuk, Andreas"]
[Black "Lamprecht, Mark"]
[Result "0-1"]
[WhiteElo "1741"]
[BlackElo "2223"]
[PlyCount "78"]
[EventDate "2007.10.16"]
[EventType "swiss"]
[EventRounds "5"]
[EventCountry "GER"]
[SourceTitle "EXT 2011"]
[Source "ChessBase"]
[SourceDate "2010.11.26"]
[SourceVersion "1"]
[SourceVersionDate "2010.11.26"]
[SourceQuality "1"]

1. d4 f5 2. h3 d5 3. Bf4 Nf6 4. g4 e6 5. gxf5 exf5 6. e3 Bd6 7. Ne2 Nc6 8. Nbc3 a6 9. Rg1 g6 10. Bg5 Be7 11. Bxf6 Bxf6 12. Nf4 Ne7 13. Bg2 c6 14. Qe2 Qd6 15. Bf3 Be6 16. Nxe6 Qxe6 17. 0-0-0 b5 18. Bh1 a5 19. f3 a4 20. Rde1 b4 21. Nd1 0-0 22. Qd3 Kh8 23. Kb1 Qd6 24. f4 c5 25. dxc5 Qxc5 26. Re2 Rfc8 27. Bf3 b3 28. a3 bxc2+ 29. Rxc2 Qb6 30. Rxc8+ Rxc8 31. Rg2 Rd8 32. Rc2 d4 33. e4 fxe4 34. Bxe4 Qd6 35. Rf2 Nc8 36. h4 Bxh4 37. Rc2 Qxf4 38. Rxc8 Rxc8 39. Qxd4+ Bf6 0-1